000
00463nam a2200169Ia 4500
008
090711s9999 xx 000 0 und d
082
_b
71905
100
_a
प्रभावळकर दिलीप
245
_a
हसगत
260
_c
1993
300
_a
221+1
600
_a
प्रभावळकर दिलीप
630
_a
हसगत
700
_a
प्रभावळकर दिलीप
730
_a
हसगत
942
_c
BOOK
999
_c
300129
_d
300129